[Event "WchT Blitz Pool B"]
[Site "London"]
[Date "2025.06.14"]
[Round "6.5"]
[White "Vaidyanathan, Adithya"]
[Black "Mirzoeva, Elmira"]
[Result "0-1"]
[WhiteElo "2111"]
[BlackElo "2294"]
[PlyCount "78"]
[EventDate "2025.06.14"]
[EventType "team-tourn"]
[EventRounds "13"]
[EventCountry "ENG"]
[SourceTitle "CB25_2025"]
[SourceDate "2025.06.18"]
[SourceVersion "1"]
[SourceVersionDate "2025.06.18"]
[SourceQuality "1"]
[WhiteTeam "UK Challenge Masters"]
[BlackTeam "Malcolm's Mates"]
[WhiteTeamCountry "ENG"]
[BlackTeamCountry "ENG"]

1. d4 d6 2. Nf3 Nf6 3. c4 Nbd7 4. Nc3 e5 5. e4 Be7 6. d5 Nc5 7. Qc2 a5 8. h3 0-0 9. Be3 b6 10. g4 Ne8 11. Be2 g6 12. Rg1 Ng7 13. Bh6 Bd7 14. 0-0-0 Kh8 15. Nd2 Bg5 16. Bxg5 Qxg5 17. Kb1 Qe7 18. Rg3 f5 19. gxf5 gxf5 20. Rdg1 Rg8 21. exf5 Nxf5 22. Rxg8+ Rxg8 23. Rxg8+ Kxg8 24. Bg4 Nd4 25. Qd1 Qg7 26. Nde4 Qg6 27. f3 h5 28. Bxd7 Nxd7 29. Nb5 Nc5 30. Nxd4 Nxe4 31. fxe4 exd4 32. Qxd4 Qg3 33. a3 Qxh3 34. Qg1+ Kf7 35. Qf2+ Kg7 36. Qg1+ Kf6 37. Qd4+ Kf7 38. e5 Qf1+ 39. Ka2 dxe5 0-1

[Event "WchT Rapid"]
[Site "London"]
[Date "2025.06.13"]
[Round "9.5"]
[White "Osmak, Iulija"]
[Black "Mirzoeva, Elmira"]
[Result "1-0"]
[WhiteElo "2343"]
[BlackElo "2176"]
[PlyCount "71"]
[EventDate "2025.06.11"]
[EventType "team-swiss"]
[EventRounds "12"]
[EventCountry "ENG"]
[SourceTitle "CB25_2025"]
[SourceDate "2025.06.18"]
[SourceVersion "1"]
[SourceVersionDate "2025.06.18"]
[SourceQuality "1"]
[WhiteTeam "Ashdod Elit CC"]
[BlackTeam "Malcolm's Mates"]
[WhiteTeamCountry "ISR"]
[BlackTeamCountry "ENG"]

1. e4 c6 2. d4 d5 3. e5 Bf5 4. h4 h5 5. Bd3 Bxd3 6. Qxd3 Qa5+ 7. Nd2 e6 8. Ngf3 Nh6 9. 0-0 Nf5 10. Nb3 Qc7 11. Bg5 Be7 12. Qd2 Na6 13. Rac1 0-0 14. g3 c5 15. c3 Rac8 16. Qe2 g6 17. Rfd1 Qb6 18. Bxe7 Nxe7 19. c4 cxd4 20. Nbxd4 Nc5 21. Nb5 Ne4 22. Kg2 a6 23. Nbd4 Rfd8 24. cxd5 exd5 25. Rxc8 Rxc8 26. Ng5 Nxg5 27. hxg5 Nc6 28. Nf3 Nb4 29. a3 Rc2 30. Qe1 Nc6 31. e6 Rxb2 32. Rxd5 Ne7 33. Rd7 Nf5 34. exf7+ Kg7 35. Qe5+ Kh7 36. f8Q+ 1-0

[Event "London Menchik Memorial (Women) 10th"]
[Site "London"]
[Date "2025.03.21"]
[Round "4"]
[White "Mirzoeva, Elmira"]
[Black "Sliwicka, Alicja"]
[Result "1-0"]
[WhiteElo "2272"]
[BlackElo "2342"]
[PlyCount "99"]
[EventDate "2025.03.20"]
[EventType "tourn"]
[EventRounds "9"]
[EventCountry "ENG"]
[SourceTitle "CB13_2025"]
[SourceDate "2025.03.26"]
[SourceVersion "1"]
[SourceVersionDate "2025.03.26"]
[SourceQuality "1"]

1. Nf3 d5 2. g3 Nf6 3. Bg2 e6 4. 0-0 c5 5. d3 Nc6 6. Nbd2 Be7 7. e4 b6 8. Re1 Bb7 9. c3 Qc7 10. Qe2 h6 11. Nf1 dxe4 12. dxe4 a5 13. a4 Ba6 14. Qc2 Rd8 15. N1d2 Bd3 16. Qb3 c4 17. Nxc4 Bc5 18. Bf4 Qe7 19. Nce5 Nxe5 20. Nxe5 Ba6 21. Qc2 Bb7 22. Nd3 0-0 23. Nxc5 Qxc5 24. Be3 Qc6 25. f3 Nd7 26. Red1 Ne5 27. Qb3 Nc4 28. Bd4 e5 29. Bf2 Rb8 30. Bf1 Ba6 31. Qa2 b5 32. axb5 Qxb5 33. Rd5 Qxb2 34. Qxb2 Rxb2 35. Rc5 Nd2 36. Bxa6 Nxf3+ 37. Kg2 Ng5 38. Re1 f5 39. exf5 Rxf5 40. Rc8+ Kf7 41. Re2 Rxe2 42. Bxe2 e4 43. Rc5 Rxc5 44. Bxc5 e3 45. Bxe3 Ne4 46. Bd4 a4 47. Kf3 Nd6 48. Bc5 Nb7 49. Bb4 Ke6 50. Ke4 1-0

[Event "London Menchik Memorial (Women) 10th"]
[Site "London"]
[Date "2025.03.20"]
[Round "2"]
[White "Mirzoeva, Elmira"]
[Black "Toma, Katarzyna"]
[Result "1-0"]
[WhiteElo "2272"]
[BlackElo "2177"]
[PlyCount "107"]
[EventDate "2025.03.20"]
[EventType "tourn"]
[EventRounds "9"]
[EventCountry "ENG"]
[SourceTitle "CB13_2025"]
[SourceDate "2025.03.26"]
[SourceVersion "1"]
[SourceVersionDate "2025.03.26"]
[SourceQuality "1"]

1. d4 Nf6 2. c4 e6 3. Bg5 h6 4. Bh4 Bb4+ 5. Nd2 g5 6. Bg3 Ne4 7. Ngf3 Nxg3 8. hxg3 b6 9. a3 Bf8 10. Qc2 Bb7 11. g4 Bg7 12. e3 c5 13. Ne4 Qc7 14. 0-0-0 cxd4 15. Nxd4 a6 16. Nf3 Bxe4 17. Qxe4 Nc6 18. Kb1 Rb8 19. Be2 b5 20. cxb5 axb5 21. Rc1 Qa7 22. Rhd1 b4 23. Rxc6 bxa3 24. Ra6 Rxb2+ 25. Kc1 Qxa6 26. Bxa6 a2 27. Qa4 0-0 28. Nd4 Rfb8 29. Bc4 Rb1+ 30. Kd2 R8b2+ 31. Ke1 Bxd4 32. exd4 a1Q 33. Qxa1 Rxa1 34. Rxa1 Rb4 35. Be2 Rxd4 36. Rd1 Rxd1+ 37. Bxd1 Kg7 38. Kd2 Kf6 39. Ke3 Ke5 40. Ba4 d6 41. Be8 f5 42. gxf5 Kxf5 43. Bd7 Ke5 44. Kf3 Kf5 45. Be8 d5 46. Bd7 Ke5 47. Kg4 d4 48. Kh5 d3 49. Kxh6 Kf5 50. Bb5 d2 51. Be2 e5 52. Kh5 e4 53. g4+ Kf4 54. Bd1 1-0

[Event "UK Blitz Women) Final"]
[Site "Leamington Spa"]
[Date "2024.11.16"]
[Round "7"]
[White "Mirzoeva, Elmira"]
[Black "Bhatia, Kanishka"]
[Result "0-1"]
[WhiteElo "2258"]
[BlackElo "1953"]
[PlyCount "144"]
[EventDate "2024.11.16"]
[EventType "tourn (blitz)"]
[EventRounds "15"]
[EventCountry "ENG"]
[SourceTitle "CB47_2024"]
[SourceDate "2024.11.20"]
[SourceVersion "1"]
[SourceVersionDate "2024.11.20"]
[SourceQuality "1"]

1. d4 Nf6 2. c4 g6 3. Nc3 Bg7 4. e4 d6 5. Nf3 0-0 6. Be2 e5 7. Be3 exd4 8. Nxd4 c6 9. 0-0 Re8 10. f3 d5 11. cxd5 cxd5 12. Bb5 Bd7 13. Bd3 Nc6 14. Bf2 dxe4 15. Nxe4 Nxd4 16. Bxd4 Bc6 17. Nxf6+ Bxf6 18. Bxf6 Qxf6 19. Qc2 Rad8 20. Rad1 Rc8 21. Qb3 Re3 22. Rfe1 Qd4 23. Rxe3 Qxe3+ 24. Kh1 Rd8 25. Bf1 Rxd1 26. Qxd1 Kg7 27. a3 Qf2 28. Qe2 Qd4 29. Qc2 f6 30. h3 h5 31. Bd3 g5 32. Bh7 Be8 33. Qe4 Qxe4 34. Bxe4 b6 35. Kg1 Kf7 36. Bd5+ Ke7 37. Kf2 Kd6 38. Bc4 Kc5 39. Bg8 h4 40. Be6 Kd4 41. Ke2 Bb5+ 42. Kd2 Bc4 43. Bf5 Bd5 44. Bd7 a5 45. Bf5 Kc4 46. Bc2 b5 47. b3+ Kd4 48. Bd1 b4 49. axb4 axb4 50. Bc2 Be6 51. Bd1 Bf5 52. Be2 Bb1 53. Bc4 Ke5 54. Ke3 Bc2 55. Bg8 Bf5 56. Bc4 Bc8 57. Kd3 Kf4 58. Ke2 Kg3 59. Kf1 Bf5 60. Bd5 Bd3+ 61. Kg1 Be2 62. Be6 Bd1 63. Bd5 f5 64. Be6 Bc2 65. Bd5 Kf4 66. Kf2 Ke5 67. Bc4 Kd4 68. Ke2 Kc3 69. Be6 f4 70. Bf7 Bxb3 71. Bg6 Bc2 72. Be8 b3 0-1

[Event "UK Blitz Women) Final"]
[Site "Leamington Spa"]
[Date "2024.11.16"]
[Round "12"]
[White "Mirzoeva, Elmira"]
[Black "Mitraka, Chrysoula"]
[Result "1-0"]
[WhiteElo "2258"]
[BlackElo "1746"]
[PlyCount "123"]
[EventDate "2024.11.16"]
[EventType "tourn (blitz)"]
[EventRounds "15"]
[EventCountry "ENG"]
[SourceTitle "CB47_2024"]
[SourceDate "2024.11.20"]
[SourceVersion "1"]
[SourceVersionDate "2024.11.20"]
[SourceQuality "1"]

1. d4 d5 2. c4 e6 3. Nc3 Nf6 4. Nf3 Be7 5. Bg5 h6 6. Bh4 0-0 7. e3 a6 8. Qc2 Nbd7 9. cxd5 exd5 10. Bd3 c6 11. 0-0 Re8 12. Rae1 Ne4 13. Bxe4 Bxh4 14. Bh7+ Kh8 15. Nxh4 Qxh4 16. Bd3 Nf6 17. Ne2 Qg4 18. Nf4 Qd7 19. Rb1 Qd6 20. h3 Bd7 21. b4 Rec8 22. Qc5 Qc7 23. Rfc1 Kg8 24. a4 Qd8 25. Qc2 Qe7 26. Qe2 Re8 27. b5 cxb5 28. axb5 a5 29. Rc5 Qd6 30. b6 Bc6 31. Qa2 Rec8 32. Bb5 Bxb5 33. Rbxb5 Rxc5 34. dxc5 Qc6 35. Qb2 a4 36. Qd4 a3 37. Rb1 a2 38. Ra1 Qb5 39. Qd3 Qb2 40. Qd4 Qb5 41. Qd3 Qb2 42. Qd4 Qb5 43. Kh2 Ne4 44. Nxd5 Nxf2 45. Nc7 Qb1 46. Nxa8 Qc2 47. c6 Qxc6 48. Rxa2 Qc8 49. Rxf2 Qxa8 50. Rd2 Qb8+ 51. Qd6 Qe8 52. Qd8 Qxd8 53. Rxd8+ Kh7 54. Rd7 Kg6 55. Rxb7 f6 56. Rc7 h5 57. b7 h4 58. b8Q f5 59. Rc6+ Kh7 60. Qc8 f4 61. Qf5+ Kg8 62. Rc8# 1-0

[Event "UK Blitz Women) Final"]
[Site "Leamington Spa"]
[Date "2024.11.16"]
[Round "4"]
[White "Orlovska, Madara"]
[Black "Mirzoeva, Elmira"]
[Result "0-1"]
[WhiteElo "2067"]
[BlackElo "2258"]
[PlyCount "53"]
[EventDate "2024.11.16"]
[EventType "tourn (blitz)"]
[EventRounds "15"]
[EventCountry "ENG"]
[SourceTitle "CB47_2024"]
[SourceDate "2024.11.20"]
[SourceVersion "1"]
[SourceVersionDate "2024.11.20"]
[SourceQuality "1"]

1. d4 d5 2. Nc3 Nf6 3. Bf4 Bf5 4. e3 e6 5. f3 a6 6. g4 Bg6 7. h4 h5 8. g5 Nfd7 9. Bd3 Bxd3 10. Qxd3 g6 11. Nge2 c5 12. 0-0-0 Nc6 13. Kb1 Qb6 14. Ka1 0-0-0 15. Bg3 Bg7 16. Na4 Qb4 17. Qb3 b5 18. Nxc5 Nxc5 19. dxc5 Qxc5 20. a4 Na5 21. Qd3 Nc4 22. Nd4 bxa4 23. Kb1 e5 24. Ne2 Kb7 25. Qc3 Rc8 26. e4 d4 27. Qe1 0-1

[Event "UK Blitz Women) Final"]
[Site "Leamington Spa"]
[Date "2024.11.16"]
[Round "2"]
[White "Spirling, Florence"]
[Black "Mirzoeva, Elmira"]
[Result "0-1"]
[WhiteElo "1638"]
[BlackElo "2258"]
[PlyCount "106"]
[EventDate "2024.11.16"]
[EventType "tourn (blitz)"]
[EventRounds "15"]
[EventCountry "ENG"]
[SourceTitle "CB47_2024"]
[SourceDate "2024.11.20"]
[SourceVersion "1"]
[SourceVersionDate "2024.11.20"]
[SourceQuality "1"]

1. e4 c6 2. d4 d5 3. e5 Bf5 4. Nf3 e6 5. Be2 Bb4+ 6. c3 Ba5 7. 0-0 Ne7 8. Nbd2 Bc7 9. Nb3 Nd7 10. Bd2 0-0 11. Ne1 f6 12. f4 b6 13. Bd3 c5 14. Bxf5 Nxf5 15. g4 Ne7 16. Ng2 fxe5 17. fxe5 Ng6 18. Qe2 c4 19. Nc1 Qe7 20. b3 b5 21. Rf3 Bb6 22. Qf2 Ndxe5 23. Rxf8+ Rxf8 24. Qe2 Nf3+ 25. Kh1 Ngh4 26. Be3 Bc7 27. h3 Nxg2 28. Qxg2 Qh4 29. Ne2 Ng5 30. Bxg5 Qxg5 31. Rf1 Qe3 32. Rxf8+ Kxf8 33. h4 cxb3 34. axb3 a5 35. Qf1+ Kg8 36. Qg2 a4 37. bxa4 bxa4 38. Qf1 a3 39. Nc1 Qg3 40. Qg1 Qxh4+ 41. Kg2 Qxg4+ 42. Kf1 Qd1+ 43. Kg2 Qc2+ 44. Kh3 a2 45. Nxa2 Qxa2 46. Qc1 Qe2 47. Qb1 Qh2+ 48. Kg4 h5+ 49. Kf3 Qf4+ 50. Ke2 Qe4+ 51. Kd2 Qxb1 52. Ke3 Qe4+ 53. Kd2 Bf4+ 0-1

[Event "London Menchik Memorial (Women)"]
[Site "London"]
[Date "2024.09.02"]
[Round "8"]
[White "Mirzoeva, Elmira"]
[Black "Hryshchenko, Kamila"]
[Result "1-0"]
[WhiteElo "2282"]
[BlackElo "2181"]
[PlyCount "97"]
[EventDate "2024.08.30"]
[EventType "tourn"]
[EventRounds "9"]
[EventCountry "ENG"]
[SourceTitle "CBM 221 Extra"]
[Source "ChessBase"]
[SourceDate "2024.09.30"]
[SourceVersion "1"]
[SourceVersionDate "2024.09.30"]
[SourceQuality "1"]

1. d4 d6 2. Nf3 g6 3. b3 Bg7 4. Bb2 Nf6 5. g3 Nc6 6. Bg2 0-0 7. 0-0 a6 8. d5 Nb8 9. c4 e5 10. dxe6 fxe6 11. Nc3 Nc6 12. Qd2 Bd7 13. Rad1 Rb8 14. Ng5 Qe8 15. Nce4 Qe7 16. Rc1 Rbd8 17. b4 Bc8 18. b5 Nxe4 19. Nxe4 Ne5 20. a4 axb5 21. axb5 d5 22. cxd5 Rxd5 23. Qa5 c6 24. Ba3 Qd8 25. Qa8 Re8 26. Nc5 b6 27. Bxd5 cxd5 28. Nb7 Bxb7 29. Qxb7 Nc4 30. Bb4 Qa8 31. Qxa8 Rxa8 32. Bc3 Bh6 33. Ra1 Rc8 34. Ra7 Nd6 35. Be5 Nxb5 36. Rb7 Na3 37. Rxb6 Nc4 38. Rxe6 Kf7 39. Rf6+ Ke7 40. Ba1 Ra8 41. Rc6 Kd7 42. Rc5 Kd6 43. Bd4 Re8 44. e3 Ra8 45. Rd1 Ra4 46. Rb5 Kc6 47. Rb8 Bg5 48. Rh8 h5 49. Rg8 1-0

[Event "London Menchik Memorial (Women)"]
[Site "London"]
[Date "2024.08.31"]
[Round "3"]
[White "Mirzoeva, Elmira"]
[Black "Varney, Zoe"]
[Result "1-0"]
[WhiteElo "2282"]
[BlackElo "2067"]
[PlyCount "65"]
[EventDate "2024.08.30"]
[EventType "tourn"]
[EventRounds "9"]
[EventCountry "ENG"]
[SourceTitle "CBM 221 Extra"]
[Source "ChessBase"]
[SourceDate "2024.09.30"]
[SourceVersion "1"]
[SourceVersionDate "2024.09.30"]
[SourceQuality "1"]

1. d4 d5 2. c4 e6 3. Nc3 Nf6 4. cxd5 exd5 5. Bg5 c6 6. e3 Be7 7. Qc2 h6 8. Bh4 0-0 9. Bd3 Re8 10. Nge2 Nbd7 11. 0-0 Nf8 12. Rad1 Bd6 13. Bg3 Bg4 14. f3 Bh5 15. Bf2 Bg6 16. e4 dxe4 17. fxe4 Ng4 18. e5 Bc7 19. Bxg6 Nxg6 20. Qb3 Qe7 21. Ne4 Bb6 22. Nd6 Rf8 23. Nc4 Bc7 24. Bg3 b5 25. Nd2 Bb6 26. Kh1 h5 27. h3 Nh6 28. Ne4 h4 29. Be1 a5 30. Bd2 a4 31. Qf3 c5 32. Qh5 Kh7 33. Nf6+ 1-0

[Event "BCF-ch"]
[Site "Hull"]
[Date "2024.08.04"]
[Round "9"]
[White "Shafi, Declan"]
[Black "Mirzoeva, Elmira"]
[Result "1/2-1/2"]
[WhiteElo "2222"]
[BlackElo "2282"]
[PlyCount "151"]
[EventDate "2024.07.27"]
[EventType "swiss"]
[EventRounds "9"]
[EventCountry "ENG"]
[SourceTitle "CBM 221 Extra"]
[Source "ChessBase"]
[SourceDate "2024.09.30"]
[SourceVersion "1"]
[SourceVersionDate "2024.09.30"]
[SourceQuality "1"]

1. Nf3 d5 2. d4 Nf6 3. c4 c6 4. Qb3 dxc4 5. Qxc4 Bf5 6. g3 e6 7. Bg2 Be7 8. 0-0 0-0 9. e3 Nbd7 10. Qe2 Rc8 11. Nc3 Ne4 12. Ne1 Nxc3 13. bxc3 Qa5 14. e4 Bg6 15. Bd2 c5 16. f4 cxd4 17. cxd4 Qa4 18. Be3 Qa5 19. Bd2 Qa4 20. Be3 Rc3 21. g4 f6 22. Bf2 Rfc8 23. f5 Bf7 24. e5 fxe5 25. dxe5 Qc4 26. Qxc4 R8xc4 27. Bg3 Rxg4 28. Bh3 exf5 29. Bxg4 fxg4 30. Rd1 Be6 31. Rd3 Rc1 32. Rd2 Nc5 33. Ng2 Rxf1+ 34. Kxf1 g5 35. Rc2 h5 36. Bf2 b6 37. Ne3 h4 38. Ke2 Kg7 39. Rc1 Kg6 40. a3 Kh5 41. Rd1 Ne4 42. Rd4 Nxf2 43. Kxf2 Bxa3 44. Ra4 Bc5 45. Rxa7 Kg6 46. Ke2 g3 47. hxg3 h3 48. Ra8 Kg7 49. Ra7+ Kg8 50. Ra8+ Kg7 51. Ra7+ Kg6 52. Ra8 Bd4 53. Kf3 Bxe5 54. Ra4 h2 55. Kg2 Bxg3 56. Rb4 Bc7 57. Rb2 Bc8 58. Kh1 Bb7+ 59. Ng2 Kf6 60. Rf2+ Ke6 61. Rf6+ Kd7 62. Rf7+ Kc6 63. Rf6+ Bd6 64. Rg6 b5 65. Rxg5 b4 66. Rb5 Ba6 67. Ra5 Bb5 68. Ra1 Kc5 69. Rc1+ Kd4 70. Rd1+ Kc5 71. Rc1+ Kb6 72. Ne3 Bc6+ 73. Rxc6+ Kxc6 74. Nc2 Kc5 75. Nxb4 Kxb4 76. Kg2 1/2-1/2

[Event "BCF-ch"]
[Site "Hull"]
[Date "2024.08.02"]
[Round "7"]
[White "Boswell, Jacob Connor"]
[Black "Mirzoeva, Elmira"]
[Result "1-0"]
[WhiteElo "2241"]
[BlackElo "2282"]
[PlyCount "101"]
[EventDate "2024.07.27"]
[EventType "swiss"]
[EventRounds "9"]
[EventCountry "ENG"]
[SourceTitle "CBM 221 Extra"]
[Source "ChessBase"]
[SourceDate "2024.09.30"]
[SourceVersion "1"]
[SourceVersionDate "2024.09.30"]
[SourceQuality "1"]

1. d4 Nf6 2. c4 e6 3. Nf3 Bb4+ 4. Bd2 a5 5. a3 Bxd2+ 6. Qxd2 d6 7. Nc3 0-0 8. e4 e5 9. Be2 Qe7 10. dxe5 dxe5 11. Nd5 Nxd5 12. cxd5 Bg4 13. Qg5 Qxg5 14. Nxg5 Bxe2 15. Kxe2 Ra6 16. Rac1 Rb6 17. Rc2 Na6 18. Nf3 Re8 19. Rd1 Kf8 20. Nd2 Rg6 21. g3 b6 22. b4 axb4 23. axb4 c5 24. bxc5 Nxc5 25. Ra1 h5 26. f3 Rf6 27. Ke3 g5 28. Ra7 g4 29. f4 exf4+ 30. gxf4 h4 31. e5 Rg6 32. Ne4 Nxe4 33. Kxe4 Rh6 34. Kf5 g3 35. hxg3 hxg3 36. Rg2 Rd8 37. d6 Rg6 38. Ra3 b5 39. Raxg3 Rxg3 40. Rxg3 b4 41. Kf6 Rb8 42. Rh3 Kg8 43. d7 Rb6+ 44. Ke7 Re6+ 45. Kd8 Rc6 46. f5 Kf8 47. e6 fxe6 48. fxe6 Rxe6 49. Rf3+ Kg7 50. Kc7 Re7 51. Kc8 1-0

[Event "BCF-ch"]
[Site "Hull"]
[Date "2024.08.01"]
[Round "6"]
[White "Mirzoeva, Elmira"]
[Black "Kanyamarala, Trisha"]
[Result "1/2-1/2"]
[WhiteElo "2282"]
[BlackElo "2165"]
[PlyCount "82"]
[EventDate "2024.07.27"]
[EventType "swiss"]
[EventRounds "9"]
[EventCountry "ENG"]
[SourceTitle "CBM 221 Extra"]
[Source "ChessBase"]
[SourceDate "2024.09.30"]
[SourceVersion "1"]
[SourceVersionDate "2024.09.30"]
[SourceQuality "1"]

1. d4 Nf6 2. c4 e6 3. Nf3 d5 4. Nc3 Bb4 5. e3 0-0 6. Bd2 c5 7. a3 Bxc3 8. Bxc3 Ne4 9. Qc2 Nxc3 10. bxc3 cxd4 11. cxd4 Nc6 12. cxd5 Qa5+ 13. Qd2 Qxd5 14. Bd3 Rd8 15. 0-0 Qd6 16. Ng5 h6 17. Ne4 Qe7 18. f4 b6 19. Rac1 Bb7 20. Rc3 Na5 21. Rfc1 Rac8 22. Qc2 f5 23. Nd2 Rxc3 24. Qxc3 Qd6 25. Nf3 Rc8 26. Qb2 Rxc1+ 27. Qxc1 Bxf3 28. gxf3 Qd5 29. Kf2 Qa2+ 30. Be2 Kh7 31. Qc3 Kg6 32. e4 Qb3 33. Qxb3 Nxb3 34. Ke3 Kf6 35. Bb5 g5 36. e5+ Ke7 37. fxg5 hxg5 38. Bc4 Na5 39. Bb5 Nb3 40. Ba4 Na5 41. Bb5 Nb3 1/2-1/2

[Event "BCF-ch"]
[Site "Hull"]
[Date "2024.07.30"]
[Round "4"]
[White "Mirzoeva, Elmira"]
[Black "Saunders, Aron"]
[Result "1-0"]
[WhiteElo "2282"]
[BlackElo "2105"]
[PlyCount "81"]
[EventDate "2024.07.27"]
[EventType "swiss"]
[EventRounds "9"]
[EventCountry "ENG"]
[SourceTitle "CBM 221 Extra"]
[Source "ChessBase"]
[SourceDate "2024.09.30"]
[SourceVersion "1"]
[SourceVersionDate "2024.09.30"]
[SourceQuality "1"]

1. d4 d5 2. c4 c6 3. Nf3 Nf6 4. Nc3 dxc4 5. a4 Bf5 6. Nh4 e6 7. Nxf5 exf5 8. e3 Bd6 9. Bxc4 0-0 10. Qf3 Qd7 11. h3 Na6 12. Bd3 g6 13. g4 Nb4 14. Bb1 c5 15. dxc5 Bxc5 16. 0-0 Nc6 17. gxf5 Ne5 18. Qg2 Rad8 19. a5 Bb4 20. fxg6 fxg6 21. f4 Nc6 22. a6 b6 23. Bc2 Ne7 24. Ba4 Qe6 25. Nb5 Bc5 26. Nxa7 Nf5 27. Re1 Nh5 28. b4 Nh4 29. Qg4 Qxg4+ 30. hxg4 Rxf4 31. Bb3+ Kg7 32. gxh5 Nf3+ 33. Kf1 Rh4 34. Bb2+ Kh6 35. Re2 Nd2+ 36. Kg2 Rg4+ 37. Kh3 Kxh5 38. bxc5 Rf8 39. Rxd2 Rf3+ 40. Kh2 Rgg3 41. Bd1 1-0

[Event "ENG-ch (Women) playoff"]
[Site "Kenilworth"]
[Date "2024.06.23"]
[Round "4"]
[White "Mirzoeva, Elmira"]
[Black "Toma, Katarzyna"]
[Result "1/2-1/2"]
[WhiteElo "2260"]
[BlackElo "2220"]
[PlyCount "115"]
[EventDate "2024.06.23"]
[EventType "match (blitz)"]
[EventRounds "4"]
[EventCountry "ENG"]
[SourceTitle "CBM 220 Extra"]
[Source "ChessBase"]
[SourceDate "2024.07.31"]
[SourceVersion "1"]
[SourceVersionDate "2024.07.31"]
[SourceQuality "1"]

1. d4 g6 2. c4 Bg7 3. Nc3 d6 4. e4 c6 5. Be3 a6 6. Nf3 Nf6 7. Be2 0-0 8. 0-0 Nbd7 9. Re1 b5 10. a3 Bb7 11. Qd2 Ng4 12. Bg5 h6 13. Bh4 g5 14. Bg3 c5 15. cxb5 axb5 16. Bxb5 cxd4 17. Nxd4 Nc5 18. Bc4 Ne5 19. Bf1 Qb6 20. b4 Na4 21. Nxa4 Rxa4 22. Nf5 Re8 23. Nxg7 Kxg7 24. Qb2 f6 25. h4 Rea8 26. Qb3 Bc8 27. hxg5 hxg5 28. Qe3 Qb7 29. f4 Ng4 30. Qf3 Qb6+ 31. Bf2 Nxf2 32. Qxf2 Qxf2+ 33. Kxf2 gxf4 34. b5 Bb7 35. Rac1 Rxa3 36. Rc7 Ra2+ 37. Kg1 Bc8 38. Rxe7+ Kf8 39. Rc7 Bg4 40. Rec1 f3 41. gxf3 Bxf3 42. Rc8+ Rxc8 43. Rxc8+ Ke7 44. Rc7+ Kd8 45. Rf7 Bxe4 46. Rxf6 Ke7 47. Rf4 d5 48. Rf2 Ra3 49. Rb2 Rg3+ 50. Kf2 Rf3+ 51. Ke1 Rf8 52. b6 Kd6 53. Be2 Rb8 54. Kd2 Kc6 55. Ke3 Rxb6 56. Rxb6+ Kxb6 57. Kd4 Kc6 58. Bc4 1/2-1/2

[Event "BCF-chT 2324 (4NCL)"]
[Site "England"]
[Date "2024.05.06"]
[Round "11.6"]
[White "Vijayakumar, Rishi"]
[Black "Mirzoeva, Elmira"]
[Result "1/2-1/2"]
[WhiteElo "2197"]
[BlackElo "2252"]
[PlyCount "226"]
[EventDate "2023.11.11"]
[EventType "team-tourn"]
[EventRounds "11"]
[EventCountry "ENG"]
[SourceTitle "EXT 2025"]
[Source "ChessBase"]
[SourceDate "2024.10.14"]
[SourceVersion "1"]
[SourceVersionDate "2024.10.14"]
[SourceQuality "1"]
[WhiteTeam "Alba"]
[BlackTeam "Barnet Knights"]
[WhiteTeamCountry "ENG"]
[BlackTeamCountry "ENG"]

1. d4 Nf6 2. c4 e6 3. Nf3 b6 4. g3 Bb7 5. Bg2 g6 6. Nc3 Bg7 7. 0-0 Ne4 8. Nxe4 Bxe4 9. d5 0-0 10. Bg5 f6 11. Be3 c6 12. Ne1 Bxg2 13. Nxg2 f5 14. Qd2 e5 15. c5 Na6 16. Rad1 Nxc5 17. dxc6 dxc6 18. Qc2 Qe7 19. b4 Ne4 20. Qxc6 Rfc8 21. Qd5+ Kh8 22. Rc1 Rd8 23. Qc4 Rd7 24. Rfd1 Rad8 25. Rxd7 Qxd7 26. h4 h6 27. Kh2 Kh7 28. Qc7 Bf6 29. a4 g5 30. hxg5 hxg5 31. f3 Nd6 32. a5 bxa5 33. Qxa5 Nb5 34. Qa6 Be7 35. Rc6 Nd6 36. Qxa7 f4 37. Qxd7 Rxd7 38. Bc5 Nf5 39. gxf4 exf4 40. Bxe7 Rxe7 41. Rf6 Re5 42. Kh3 Kg7 43. Ra6 Rxe2 44. Nxf4 gxf4 45. Kg4 Ne3+ 46. Kxf4 Nd5+ 47. Kg3 Nxb4 48. Rb6 Nd5 49. Ra6 Nf6 50. Ra7+ Kg6 51. Ra6 Rb2 52. Rc6 Rb5 53. Ra6 Kf5 54. Ra8 Nh5+ 55. Kh4 Nf4 56. Rf8+ Ke5 57. Re8+ Ne6 58. Kg3 Kf5 59. Rh8 Rb3 60. Ra8 Ng5 61. Rf8+ Kg6 62. Rg8+ Kf6 63. Rf8+ Nf7 64. Kf4 Rb4+ 65. Kg3 Ke6 66. Re8+ Kd5 67. Rf8 Nd6 68. Rf4 Rb1 69. Rf8 Ke5 70. Ra8 Nf5+ 71. Kh3 Kf4 72. Ra4+ Kxf3 73. Ra3+ Ne3 74. Kh4 Rb5 75. Rd3 Rc5 76. Ra3 Kf4 77. Ra4+ Nc4 78. Ra8 Nd6 79. Ra4+ Ne4 80. Rb4 Rc1 81. Kh5 Kf5 82. Rb5+ Nc5 83. Kh4 Kf4 84. Rb4+ Ne4 85. Kh5 Rc6 86. Ra4 Kf5 87. Ra5+ Nc5 88. Rb5 Rc8 89. Kh4 Kf4 90. Rb4+ Ne4 91. Kh5 Rg8 92. Ra4 Rg2 93. Rb4 Kf5 94. Rb5+ Ke6 95. Rb6+ Nd6 96. Ra6 Kf5 97. Ra5+ Kf4 98. Ra4+ Ne4 99. Rb4 Rg5+ 100. Kh4 Ra5 101. Rb8 Ng3 102. Rb4+ Ne4 103. Rb8 Kf5 104. Rf8+ Nf6 105. Kg3 Kg5 106. Kf3 Ra3+ 107. Ke2 Ne4 108. Rg8+ Kf4 109. Rf8+ Ke5 110. Re8+ Kd5 111. Rd8+ Nd6 112. Kf2 Ke5 113. Ke2 Ra2+ 1/2-1/2

[Event "UK-ch Blitz-B"]
[Site "Leamington Spa"]
[Date "2023.12.02"]
[Round "2.1"]
[White "Briggs, Irina"]
[Black "Mirzoeva, Elmira"]
[Result "0-1"]
[WhiteElo "1560"]
[BlackElo "2078"]
[PlyCount "54"]
[EventDate "2023.12.02"]
[EventType "tourn (blitz)"]
[EventRounds "15"]
[EventCountry "ENG"]
[SourceTitle "CBM 217 Extra"]
[Source "ChessBase"]
[SourceDate "2024.01.31"]
[SourceVersion "1"]
[SourceVersionDate "2024.01.31"]
[SourceQuality "1"]

1. e4 c6 2. d4 d5 3. e5 Bf5 4. Nf3 e6 5. c3 c5 6. Bb5+ Nc6 7. Bxc6+ bxc6 8. 0-0 Ne7 9. dxc5 Ng6 10. Be3 Qc7 11. Bd4 Be7 12. Nbd2 0-0 13. h3 Nf4 14. Nb3 Rab8 15. Nh2 Nd3 16. Qd2 a5 17. a4 Rxb3 18. g4 Rxb2 19. Qe3 Bg6 20. f4 Be4 21. Nf3 Qa7 22. f5 exf5 23. gxf5 Bxf5 24. Nd2 Bg6 25. Nf3 Bxc5 26. Bxc5 Qxc5 27. Nd4 Be4 0-1